John Marshall / Definer of a Nation (Record no. 1407)

000 -LEADER
fixed length control field 00575nam a22002057a 4500
003 - CONTROL NUMBER IDENTIFIER
control field OSt
005 - DATE AND TIME OF LATEST TRANSACTION
control field 20210426075722.0
008 - FIXED-LENGTH DATA ELEMENTS--GENERAL INFORMATION
fixed length control field 210215s1996 ||||| |||| 00| 0 eng d
020 ## - INTERNATIONAL STANDARD BOOK NUMBER
International Standard Book Number 080505510X
040 ## - CATALOGING SOURCE
Original cataloging agency eng
Language of cataloging eng
Transcribing agency DLC
080 ## - UNIVERSAL DECIMAL CLASSIFICATION NUMBER
Universal Decimal Classification number 92
Item number S-68
100 ## - MAIN ENTRY--PERSONAL NAME
9 (RLIN) 894
Personal name Smith, Edward. Jean
245 ## - TITLE STATEMENT
Title John Marshall / Definer of a Nation
Statement of responsibility, etc. / by: Henry Holt and Company, Inc
260 ## - PUBLICATION, DISTRIBUTION, ETC.
Place of publication, distribution, etc. New York
Name of publisher, distributor, etc. Henry Holt and Company, Inc
Date of publication, distribution, etc. 1996
300 ## - PHYSICAL DESCRIPTION
Extent 736 p.
Other physical details ill.
365 ## - TRADE PRICE
Price amount 17.95 usd
650 #0 - SUBJECT ADDED ENTRY--TOPICAL TERM
9 (RLIN) 237
Topical term or geographic name entry element Biography
653 ## - INDEX TERM--UNCONTROLLED
Uncontrolled term ბიოგრაფია
942 ## - ADDED ENTRY ELEMENTS (KOHA)
Source of classification or shelving scheme
Koha item type Books
Holdings
Withdrawn status Lost status Source of classification or shelving scheme Damaged status Not for loan Permanent location Current location Date acquired Inventory number Total Checkouts Full call number Barcode Date last seen Price effective from Koha item type
          Ken Walker International University Ken Walker International University 02/15/2021 1329   92 S-68 1329 02/15/2021 02/15/2021 Books

Powered by Koha